000 00677nam a2200193 u 4500
005 20250408063811.0
008 151016s2013 r 000 0 eng d
035 _aUPN01000206076
049 _aF
050 4 _aK3240.4
_bS4.4
100 1 _aSerna de la Garza, José María
_938209
245 1 0 _aLaicidad y derecho internacional de los derechos humanos /
_cJosé Ma. Serna de la Garza.
260 _aMéxico :
_bUNAM, Instituto de Investigaciones Jurídicas,
_c2013.
300 _a44 p.
440 0 _aCuadernos "Jorge Carpizo".
_pPara entender y pensar la laicidad ;
_v20
650 4 _aDerechos humanos (Derecho internacional)
_95169
905 _aLibro
999 _c178177
_d178177